[Event "GAMMA Reykjavik Open 2018"]
[Site "Reykjavik"]
[Date "2018.03.12"]
[Round "6"]
[White "Carlsen, Henrik"]
[Black "Haria, Ravi"]
[Result "0-1"]
[WhiteElo "2031"]
[BlackElo "2424"]
[Annotator "TA"]
[PlyCount "66"]
[EventType "swiss"]
[EventCountry "ISL"]
[SourceTitle "playchess.com"]
[Source "ChessBase"]
[SourceQuality "1"]

{[%evp 21,66,0,47,-21,-12,-52,-44,-38,-44,-45,-37,-71,-49,-51,-33,-56,-8,-41,-42,-40,-22,-18,-20,-60,-60,-41,-52,-55,-37,-124,-115,-113,-102,-100,-118,-107,-120,-139,-141,-189,-166,-172,-154,-283,-282,-287,-287]} 1. d4 e6 2. Nf3 Nf6 3. c4 d5 4. Nc3 Bb4 5. e3 O-O 6. Be2 c5 7. O-O cxd4 8. exd4 dxc4 9. Bxc4 b6 10. Ne5 Bb7 11. Bg5 Be7 {LiveBook: 41 Games} 12. Bb5 $146 {E54: Nimzo-Indian: Rubinstein: Main Line: 7...dxc4 8 Bxc4} (12. Re1 $14) ({Predecessor:} 12. Qe2 Nc6 13. Rad1 Rc8 14. Rfe1 Nb4 15. Nxf7 Rxf7 16. Bxe6 Rc7 17. d5 Rd7 18. d6 Rxd6 19. Bxf6 gxf6 20. Rxd6 Bxd6 21. Bxf7+ Kxf7 {½-½ (90) Shomoev,A (2579)-Inarkiev,E (2695) Nizhnij Novgorod 2013}) 12... a6 $11 13. Ba4 b5 14. Bc2 {Black is slightly better.} Nc6 15. Nxc6 Bxc6 16. Qd2 Qd7 17. Rfd1 Rad8 18. Rac1 Ba8 19. Qe2 ({Don't play} 19. Bxf6 Bxf6 20. Ne2 e5 $17) 19... b4 20. Bxf6 Bxf6 21. Ne4 Bxe4 22. Bxe4 Bxd4 23. Qxa6 Qe7 24. Qe2 Rd6 25. Rc6 {[#]} ({White should try} 25. g3 $15) 25... Bxf2+ $1 $17 {[%mdl 512]} 26. Kxf2 (26. Qxf2 Rxd1+) 26... Rxc6 27. Bxc6 {aiming for Be4.} Qc5+ 28. Qe3 Qxc6 29. Rd2 h6 30. a3 bxa3 31. Qxa3 Rb8 32. Qd3 (32. Qc3 $17 Qa4 33. Rd4) 32... Rb5 $19 33. h3 Qb6+ {Precision: White = 26%, Black = 79%.} 0-1

[Event "GAMMA Reykjavik Open 2018"]
[Site "Reykjavik"]
[Date "2018.03.12"]
[Round "6"]
[White "Sikkel, Dirk"]
[Black "Antal, Tibor Kende"]
[Result "0-1"]
[WhiteElo "1937"]
[BlackElo "2419"]
[Annotator "TA"]
[PlyCount "48"]
[EventType "swiss"]
[EventCountry "ISL"]
[SourceTitle "playchess.com"]
[Source "ChessBase"]
[SourceQuality "1"]

{[%evp 21,48,28,18,-86,-80,-67,-87,-147,-128,-139,-129,-122,-133,-136,-129,-137,-90,-129,-87,-103,-61,-126,-128,-161,-147,-339,-344,-637,-635]} 1. e4 c5 2. Nf3 d6 3. Bb5+ Bd7 4. Bxd7+ Qxd7 5. c4 Nc6 6. d4 cxd4 7. Nxd4 g6 8. Nc3 Bg7 9. Be3 Nf6 10. h3 O-O 11. O-O Rac8 {[%cal Ba8c8,Bc8c4,Bc4e4][%mdl 32] LiveBook: 26 Games. B52: Sicilian: Moscow Variation with 3...Bd7} (11... a6 12. a4 e6 13. Rc1 Rac8 14. b3 Rfd8 15. Re1 {½-½ (15) Naiditsch,A (2711)-Li,C (2721) Deizisau 2015}) 12. Qd2 $146 (12. b3 $11 {remains equal.}) ({Predecessor:} 12. b3 Qd8 13. Nde2 Nd7 {½-½ (13) Kovalev,A (2513)-Kulaots,K (2565) Kaunas 2016}) 12... Nxd4 $17 13. Bxd4 Rxc4 {Threatens to win with ...Nxe4!Black is slightly better.} 14. Bxa7 (14. Rfe1 $142) 14... b5 15. Be3 Nxe4 16. Nxe4 Rxe4 17. Rac1 Qe6 18. b3 f5 19. g3 d5 20. Qd3 b4 21. Rfd1 ({Better is} 21. Rc5 $15) 21... f4 22. Bxf4 Bd4 23. Rc2 $2 {[#]} (23. Qxd4 $17 Rxd4 24. Rxd4) 23... Qxh3 $19 24. Qf1 $2 (24. Be3 Rf3 25. Qxe4 dxe4 26. Bxd4) 24... Qg4 {Precision: White = 19%, Black = 59%.} 0-1

[Event "GAMMA Reykjavik Open 2018"]
[Site "Reykjavik"]
[Date "2018.03.14"]
[Round "7"]
[White "Rapport, Richard"]
[Black "Lenderman, Aleksandr"]
[Result "1-0"]
[WhiteElo "2715"]
[BlackElo "2600"]
[Annotator "TA"]
[PlyCount "73"]
[EventType "swiss"]
[EventCountry "ISL"]
[SourceTitle "playchess.com"]
[Source "ChessBase"]
[SourceQuality "1"]

{[%evp 9,72,0,0,-22,-16,-21,8,4,12,10,6,-7,-7,-7,33,37,29,25,31,6,7,0,0,9,13,16,14,13,37,19,54,49,59,52,68,43,68,67,103,117,212,214,220,210,218,211,212,219,421,428,418,391,758,723,29978,29979,29992,29993,29993,29994,29994,29995,29996,29997,29999]} 1. Nf3 c5 2. e4 e6 3. c3 Nf6 4. Bd3 Nc6 5. O-O d5 6. e5 {B40: Sicilian: 2...e6, Unusual lines} Nd7 (6... c4 7. Bc2 Nd7 8. Re1 g5 9. d4 cxd3 10. Bxd3 h6 11. Bb5 Bg7 12. c4 O-O 13. Bxc6 bxc6 {0-1 (39) Pancevski,F (2485)-Kozul,Z (2630) Skopje 2015}) 7. Bb5 a6 8. Bxc6 {The position is equal.} bxc6 9. d3 Be7 10. Re1 O-O 11. c4 $146 ({Predecessor:} 11. Nbd2 a5 12. Nf1 a4 {0-1 (39) Pinter,E (2358)-Schwarhofer,C (2310) Austria 2014}) 11... f6 12. exf6 Bxf6 13. Nc3 Nb6 14. Na4 Nxa4 15. Qxa4 Qd6 16. cxd5 cxd5 17. Bf4 Qb6 18. Re2 Be7 19. Be5 Qb5 20. Qg4 $36 {[%csl Ge5][%cal Rg4g7][%mdl 2048] [#] White has some pressure.} Rf7 21. Rd1 Bf8 22. Qh3 {Threatens to win with Ng5.} Be7 23. Qg3 d4 24. h4 h6 (24... Bb7 $16 {is a better defense.}) 25. Nh2 $18 h5 26. Qg6 c4 27. dxc4 (27. Bxd4 Qf5) 27... Qxc4 28. Rc2 ({Don't take} 28. Qxh5 $6 d3 $16) 28... Qd5 $2 (28... Qb5) 29. Nf3 Bb7 30. Rxd4 Qxa2 $2 (30... Qb5 31. a4 (31. Qxh5 $2 Bxf3 32. gxf3 Rf5 $19) 31... Qe8) 31. Rc7 {Intending Ng5 and mate.} Qa1+ 32. Kh2 {White mates.} Bxf3 33. Rf4 Raf8 {[#]} 34. Rc8 $1 {[%mdl 512]} Rf6 (34... Rxc8 35. Qxf7+) 35. Rxf6 Bxf6 36. Bxf6 {[%csl Gf6][%cal Rg6g7]} Rxc8 37. Qxg7# {Precision: White = 81%, Black = 23%.} 1-0

[Event "GAMMA Reykjavik Open 2018"]
[Site "Reykjavik"]
[Date "2018.03.14"]
[Round "7"]
[White "Kamsky, Gata"]
[Black "Stefansson, Hannes"]
[Result "1/2-1/2"]
[WhiteElo "2677"]
[BlackElo "2533"]
[Annotator "TA"]
[PlyCount "60"]
[EventType "swiss"]
[EventCountry "ISL"]
[SourceTitle "playchess.com"]
[Source "ChessBase"]
[SourceQuality "1"]

{[%evp 19,60,13,12,12,28,33,40,24,34,3,38,5,13,-11,14,21,19,19,41,0,12,0,0,-4,5,5,5,0,0,0,0,2,10,0,0,0,0,0,0,0,0,0,0]} 1. e4 e5 2. Nf3 Nc6 3. Bb5 Nf6 4. O-O Nxe4 5. d4 Nd6 6. Bxc6 dxc6 7. dxe5 Nf5 8. Qxd8+ Kxd8 9. Rd1+ Ke8 10. Nc3 {[%cal Bb1c3,Bc3e4,Be4g5][%mdl 32]} Be7 11. Bf4 {C67: Ruy Lopez: Berlin Defence: 4 0-0 Nxe4} (11. Ne2 Nh4 12. Nxh4 Bxh4 13. Be3 Be7 14. a4 h5 15. a5 h4 16. Nd4 Rh5 17. a6 Rxe5 18. Bf4 Rd5 {½-½ (59) Vachier Lagrave,M (2796)-So,W (2812) Paris 2017}) 11... h5 12. g3 $146 ({Predecessor:} 12. Ne4 Be6 13. Nfg5 Rh6 14. g3 Rg6 15. h4 Bd5 16. Nc3 Rd8 17. Rd3 f6 18. exf6 gxf6 19. Bxc7 {½-½ (47) Mista,A (2584)-Abdumalik,Z (2382) Warsaw 2016}) 12... Bd7 13. b3 {White is slightly better.} Rd8 14. h4 Bc8 15. Ne4 Be6 16. Neg5 Rxd1+ (16... Bxg5 $5 17. Nxg5 (17. Bxg5 Rd7 $14) 17... Nd4 $14) 17. Rxd1 Rh6 18. c4 Rg6 19. Kh2 Bc8 {The position is equal.} 20. e6 f6 21. Ne4 Bxe6 22. Bxc7 Rh6 23. Nd4 (23. Bb8 {with more complications.} a6 24. Nd4 Bc8 25. c5 g5 26. Bd6) 23... Nxd4 24. Rxd4 Rh8 25. Bd6 Kf7 26. c5 b5 27. Bxe7 Kxe7 28. Nd6 a5 29. Re4 Kd7 30. Rd4 Ke7 {Precision: White = 40%, Black = 51%.} 1/2-1/2

[Event "GAMMA Reykjavik Open 2018"]
[Site "Reykjavik"]
[Date "2018.03.14"]
[Round "7"]
[White "Adly, Ahmed"]
[Black "Thavandiran, Shiyam"]
[Result "1/2-1/2"]
[WhiteElo "2643"]
[BlackElo "2399"]
[Annotator "TA"]
[PlyCount "149"]
[EventType "swiss"]
[EventCountry "ISL"]
[SourceTitle "playchess.com"]
[Source "ChessBase"]
[SourceQuality "1"]

{[%evp 31,149,39,23,5,25,4,14,11,6,12,15,6,15,0,0,-6,0,-30,0,0,0,0,0,0,0,-24,-16,-25,-29,-72,-60,-185,-116,-124,-106,-116,-116,-111,-120,-131,-125,-145,-137,-140,-147,-148,-147,-177,-178,-177,-96,-96,-96,-96,-81,-125,-125,-125,-52,-52,0,0,0,0,0,0,0,-303,0,0,0,0,0,0,0,0,0,0,0,0,0,0,0,0,0,0,0,0,0,0,0,0,0,0,0,0,0,0,0,0,0,0,0,0,0,0,0,0,0,0,0,0,0,0,0,0,0,0,0,0]} 1. Nf3 Nf6 2. g3 g6 3. Bg2 Bg7 4. d4 O-O 5. c4 d6 6. O-O Nbd7 7. Nc3 e5 8. e4 c6 9. h3 Re8 10. Be3 exd4 11. Nxd4 Nc5 12. Qc2 a5 13. Rad1 Nfd7 14. Nb3 Qe7 15. Rfe1 Nxb3 {E69: King's Indian: Fianchetto: 6...Nbd7 7 0-0 e5 8 e4 c6 9 h3} (15... a4 16. Nxc5 Nxc5 17. Bd4 Be6 18. Bxg7 Kxg7 19. Rd4 h5 20. Qd2 Rad8 21. Nd5 Qd7 22. Nf4 f6 23. h4 {½-½ (39) Hamarat,T (2604)-Acevedo Villalba,A (2549) ICCF email 2012}) 16. axb3 Nc5 {LiveBook: 4 Games} 17. f4 Bd7 $146 ({Predecessor:} 17... h5 18. Bxc5 dxc5 19. e5 Bf5 20. Ne4 h4 21. g4 Bxe4 22. Bxe4 g5 23. Bh7+ {½-½ (66) Rantanen,M-Cobo Arteaga,E Varna 1962}) 18. Bf2 Rad8 19. Na4 Nxa4 20. bxa4 c5 21. b3 Bc6 22. h4 b6 23. h5 Qb7 24. Re2 Rd7 25. Be1 gxh5 {[%cal Bg6h5,Bh5h4][%mdl 32]} 26. Bc3 {[#]} f5 $1 {[%cal Rf5e4][%mdl 512]} 27. Bxg7 (27. exf5 Rxe2) 27... Rxg7 28. Rxd6 Bxe4 ({Resist} 28... Rxg3 29. e5 $17) 29. Bxe4 fxe4 30. Re3 h4 $1 $36 {[%mdl 2048] Black is pushing.} 31. Rd5 ({White should try} 31. Qe2 $15) 31... Qf7 (31... hxg3 32. Rxe4 Rf8 33. Qd3 $11) (31... Qc8 $1 $19 32. Qg2 Qg4) 32. Rxe4 $17 Rxg3+ 33. Kh2 Rf8 {White must now prevent ...Qg6.} 34. Qe2 Qf6 ({Reject} 34... Rxb3 $6 35. Rg5+ Kh8 36. Qc2 $11) 35. Rd3 Rg7 36. Rde3 Kh8 37. Qf2 Rg4 38. f5 Qd6+ 39. Kh3 Rxe4 40. Rxe4 $19 {[%mdl 4096] Endgame [#] KQR-KQR} Qd3+ (40... Rxf5 $1 $19 {[%mdl 512]} 41. Qb2+ (41. Qxf5 Qg3#) 41... Kg8 42. Rg4+ Kf7 43. Qg7+ Ke8 44. Re4+ Kd8) 41. Re3 $17 Qxf5+ 42. Qxf5 Rxf5 43. Kxh4 {[#] KR-KR} Kg7 $1 44. Kg4 Kf6 (44... Kg6 $17 45. Re4 Rf6) 45. Re8 $1 $15 {[%cal Re8f8] And now Rf8+ would win.} h5+ ({Better is} 45... Re5 $15 46. Rf8+ Kg6 47. Rg8+ Kf7) 46. Kh4 $11 Re5 47. Rf8+ $1 Ke7 48. Rb8 Re6 49. Kxh5 $2 {[%mdl 8192]} (49. Kg5 $1 $11 {and White has nothing to worry.}) 49... Kd7 $2 (49... Kf6 $19 {aiming for ...Rd6.} 50. Kg4 Ke5) 50. Kg4 $1 {The position is equal.} Kc7 51. Rf8 $1 Re3 52. Rf3 Re4+ 53. Kf5 Re8 54. Rg3 Re1 55. Rg7+ Kc6 56. Rg6+ Kc7 57. Rg3 Kc6 58. Kf4 Re8 59. Re3 Rf8+ 60. Ke4 Re8+ 61. Kf3 Rf8+ 62. Ke2 Rh8 63. Re6+ Kc7 64. Kd3 Rh3+ 65. Re3 Rh4 66. Re7+ Kc6 67. Re6+ Kc7 68. Re3 Kc6 69. Rg3 Kc7 70. Ke3 Kc6 71. Rg6+ Kc7 72. Rg7+ Kc6 73. Rg6+ Kc7 74. Rg7+ Kc6 75. Rg6+ {Precision: White = 61%, Black = 52%.} 1/2-1/2

[Event "GAMMA Reykjavik Open 2018"]
[Site "Reykjavik"]
[Date "2018.03.14"]
[Round "7"]
[White "L'Ami, Erwin"]
[Black "Fernandez, Daniel Howard"]
[Result "0-1"]
[WhiteElo "2634"]
[BlackElo "2505"]
[Annotator "TA"]
[PlyCount "110"]
[EventType "swiss"]
[EventCountry "ISL"]
[SourceTitle "playchess.com"]
[Source "ChessBase"]
[SourceQuality "1"]

{[%evp 9,110,6,27,22,9,0,11,0,20,19,4,-68,-75,-68,-68,-68,-68,-68,-59,-68,-78,-84,-72,-48,-47,-68,-12,-47,-50,-50,-43,-46,-22,-60,-53,-52,-51,-72,-44,-47,-34,-27,-28,-70,-45,-41,-20,-34,-11,-82,10,-3,15,-34,-4,-49,-42,-86,-62,-67,-31,-33,-27,-112,-112,-118,-113,-141,-141,-132,-139,-137,-137,-139,-130,-135,-141,-118,-133,-238,-218,-219,-138,-153,-139,-299,-201,-517,-169,-2680,-465,-1142,-1017,-5639,-2630,-12833,-12836,-12835,-12836,-12835,-12829,-7565,-6620]} 1. d4 Nf6 2. Nf3 e6 3. Bf4 Be7 4. e3 Nh5 5. Bg3 f5 (5... Nxg3 6. hxg3 h6 7. c4 d5 8. Nc3 c6 9. Bd3 Nd7 10. Qc2 Bf6 11. e4 dxc4 12. Bxc4 {1-0 (62) Naiditsch,A (2705)-Fedorchuk,S (2648) Riadh 2017}) 6. Nbd2 {A46: 1 d4 Nf6 2 Nf3 e6: Torre, London and Colle Systems} O-O 7. Bd3 d6 {[%cal Bd7d6,Bd6d5][%mdl 32]} 8. Qe2 $146 {The position is equal.} ({Predecessor:} 8. c3 g6 9. Qe2 b6 {0-1 (55) Richters,A (1949)-Schroer,K (1987) Germany 2013}) 8... Nd7 9. O-O-O c5 10. h3 (10. Kb1 $11) 10... Nxg3 $15 11. fxg3 d5 {White must now prevent ...c4.} 12. dxc5 Nxc5 13. g4 $1 Bf6 {Hoping for ...Qa5.} 14. Nb3 Ne4 {Strongly threatening ...Ng3.} 15. Qe1 Qc7 16. gxf5 exf5 17. Nbd4 Ng3 (17... Qb6 $15) 18. Rg1 (18. Nb5 $5 {[%cal Rb5c7]} Qb8 19. Rg1 $15) 18... a6 19. Qb4 Re8 20. Rge1 b5 21. Nb3 Ne4 22. Bxe4 dxe4 23. Nfd4 Be7 (23... Ra7 {is more complex.} 24. Qc5 Qxc5 25. Nxc5 Rc7 26. b4 g6) 24. Qd2 $1 Qc4 25. Kb1 a5 26. Qe2 Qxe2 27. Nxe2 Rd8 28. Nf4 Kf7 29. Nd4 {[#]} (29. Rxd8 $11 Bxd8 30. Rd1) 29... Bd7 ({Black should play} 29... b4 $1 $17) 30. Rf1 g6 31. g3 (31. g4 $5) 31... Ra6 32. h4 (32. g4 $5) 32... Rd6 33. Rf2 Bf6 34. Rfd2 Bc8 35. c3 Ba6 36. Kc2 (36. b3 $11 {remains equal.}) 36... b4 $17 37. cxb4 axb4 38. Nb3 Rxd2+ 39. Rxd2 Rxd2+ 40. Nxd2 {[%mdl 4096] Endgame KBB-KNN} Be7 41. Nb3 h6 {[%cal Bh7h6,Bh6g5][%mdl 32]} 42. Nd4 g5 43. hxg5 hxg5 44. Nfe2 (44. Nd5 $17 Bc5 45. Nc6) 44... Kg6 $19 45. Kd2 Bc4 46. b3 Bd3 47. Ke1 $2 (47. Nc6 $17 Bd6 48. Ned4) 47... Bc5 {And now ...Bxe2 would win.} 48. Kd2 $2 (48. g4 {is more resistant.} fxg4 49. Kf2) 48... Kf6 $2 (48... Bxe2 49. Ne6 {[#]} Bxe3+ $1 {[%mdl 512]} 50. Kxe3 Bd3) 49. g4 $2 (49. Nc6) 49... fxg4 (49... Bxd4 $142 50. Nxd4 fxg4) 50. Ng3 (50. Nc6 $142 Bd6 51. Ke1) 50... Bd6 51. Nde2 Bxe2 52. Nxe2 g3 53. Ke1 Kf5 54. Kf1 Kg4 55. Kg2 {[#]} Bf4 $1 {[%mdl 512] Precision: White = 32%, Black = 57%.} 0-1

[Event "GAMMA Reykjavik Open 2018"]
[Site "Reykjavik"]
[Date "2018.03.14"]
[Round "7"]
[White "Gledura, Benjamin"]
[Black "Kavutskiy, Konstantin"]
[Result "1-0"]
[WhiteElo "2632"]
[BlackElo "2383"]
[Annotator "TA"]
[PlyCount "87"]
[EventType "swiss"]
[EventCountry "ISL"]
[SourceTitle "playchess.com"]
[Source "ChessBase"]
[SourceQuality "1"]

{[%evp 19,87,23,38,41,44,-10,-8,-7,0,12,14,0,0,0,0,0,0,0,0,0,2,-17,36,30,42,64,77,53,74,74,72,64,60,43,99,112,110,97,106,120,147,110,137,83,152,144,178,186,179,169,245,247,468,448,275,272,330,237,585,585,1015,997,29979,29971,29986,29987,29987,29988,29990,29991]} 1. e4 c5 2. Nf3 e6 3. d4 cxd4 4. Nxd4 Nc6 5. Nc3 Qc7 6. Be3 a6 7. Qd2 Nf6 8. f4 {B48: Sicilian: Taimanov: 5 Nc3 Qc7 6 Be3 a6 without Be2} Bb4 9. Bd3 O-O (9... Na5 10. a3 Bxc3 11. Qxc3 Qxc3+ 12. bxc3 d5 13. exd5 exd5 14. Nb3 Nc4 15. Bd4 Ne4 {1-0 (57) Carlsen,M (2834)-Matlakov,M (2718) Wijk aan Zee 2018}) 10. a3 Be7 {LiveBook: 8 Games} 11. h3 d6 12. O-O {[%cal Bh1f1,Bf1f4,Bf4c4][%mdl 32]} (12. g4 $14) 12... Nxd4 $11 13. Bxd4 e5 14. Be3 exf4 15. Rxf4 $146 ({Predecessor:} 15. Bd4 Be6 16. Qxf4 {½-½ (39) Schippers,M (2220)-Hendriks,W (2407) Dieren 2016}) 15... Be6 16. Nd5 Bxd5 17. exd5 {aiming for Bd4.} Nd7 18. Rc4 Qd8 19. Rb4 Qc7 20. Bf5 a5 (20... Bf6 $11) 21. Rb5 $36 {[%mdl 2048] White has the initiative.} Ne5 22. Bb6 Qc4 23. a4 (23. Bd3 $5 Nxd3 24. Qxd3 Qxd3 25. cxd3 $14) 23... Bf6 24. b3 (24. Rxa5 Rxa5 25. Qxa5 g6 $17) 24... Qh4 {[#] Strongly threatening ...Nf3+!} 25. Rf1 g6 26. Bf2 Qh5 (26... Bg5 $14) 27. Bd3 $16 Bg5 28. Qe2 Qh6 29. Rxb7 f5 30. Bd4 Bf6 31. Kh1 (31. Bc3 $142) 31... f4 (31... Rae8 $142) 32. Qe4 Bg7 33. Be2 {[%cal Bd3e2,Be2b5,Bb5d7,Bd7e6][%mdl 32]} Rae8 34. Bb5 Rc8 (34... Rd8 {was worth a try.} 35. Rf3 Qg5) 35. Bd7 $18 Rcd8 $2 {[#]} (35... Nxd7 {keeps fighting.} 36. Qe6+ (36. Rxd7 Bxd4 37. Qxd4 f3 $15) 36... Kh8 37. Bxg7+ Qxg7) 36. Be6+ Kh8 37. Rf3 g5 38. c4 {[%cal Bc2c4,Bc4c5,Bc5d6][%mdl 32] Hoping for c5.} Rde8 $2 (38... Rb8 39. Rxb8 Rxb8) 39. c5 Rxe6 40. dxe6 {[%cal Bd5e6,Be6e7][%mdl 32]} g4 41. e7 {White mates.} Rg8 42. Rxf4 gxh3 43. g3 Qh5 44. cxd6 {Precision: White = 78%, Black = 48%.} 1-0

[Event "GAMMA Reykjavik Open 2018"]
[Site "Reykjavik"]
[Date "2018.03.14"]
[Round "7"]
[White "Yilmaz, Mustafa"]
[Black "Nihal Sarin"]
[Result "1/2-1/2"]
[WhiteElo "2619"]
[BlackElo "2534"]
[Annotator "TA"]
[PlyCount "82"]
[EventType "swiss"]
[EventCountry "ISL"]
[SourceTitle "playchess.com"]
[Source "ChessBase"]
[SourceQuality "1"]

{[%evp 31,82,50,31,0,0,0,0,0,0,0,0,0,0,0,23,-14,-41,-132,-121,-144,-162,-343,-335,-357,-137,-129,-138,-131,-119,-113,-8,-89,-81,-91,-77,-93,-63,-103,-73,-71,-61,-74,-19,-19,-19,-19,-15,-20,0,0,0,-19,0]} 1. d4 Nf6 2. c4 e6 3. Nf3 d5 4. Nc3 c6 5. e3 Nbd7 6. Qc2 Bd6 7. Bd3 O-O 8. O-O dxc4 9. Bxc4 b5 10. Be2 Bb7 11. Rd1 Qb8 12. e4 e5 {D46: Semi-Slav: 5 e3 Nbd7 6 Bd3, Black avoids the Meran} 13. dxe5 Nxe5 14. Nd4 (14. g3 b4 15. Nxe5 Bxe5 16. Na4 c5 17. Nxc5 Rc8 18. Bf3 Bxe4 19. Bxe4 Nxe4 20. Qxe4 Rxc5 {½-½ (55) Le,Q (2703)-Zherebukh,Y (2614) Lubbock 2013}) 14... Ng6 15. g3 Re8 16. Bg5 Be5 {LiveBook: 4 Games} 17. Be3 b4 18. Na4 Nxe4 $1 19. Nxc6 $146 ({Predecessor:} 19. Rac1 c5 20. Nxc5 {1-0 (20) Saharinen,P (2074)-Novak,M (2229) ICCF email 2008}) 19... Qc7 20. Rac1 Nc3 21. Nxc3 bxc3 22. Nxe5 Qxe5 23. bxc3 Qe6 $40 {[%mdl 128] Black attacks.} 24. Qa4 (24. Rb1 $15 Qc6 25. Rxb7 $1 {[%mdl 512]} Qxb7 26. Rb1) 24... Ne5 $1 $17 {[%mdl 1024] Black has strong compensation.} 25. Qf4 h6 $1 ({Don't play} 25... Qxa2 26. Rd2 $11) 26. Rd2 $2 (26. Rb1 {is a better defense.} Bc6 27. g4) 26... g5 $1 $19 {[%cal Rg5f4]} 27. Qa4 {[#]} Qh3 $2 (27... Qf5 $1 $19 {has better winning chances.} 28. Rb2 Bd5) 28. f3 $17 Nxf3+ 29. Bxf3 Bxf3 30. Bd4 Re6 (30... Re7 $17 31. Qc4 Rae8) 31. Qb5 (31. Rf1 $1 $11 {remains equal.}) 31... Rae8 32. Qf1 Qh5 {aiming for ...Re2.} 33. h3 g4 34. Rh2 Qg5 {Strongly threatening ...gxh3.} 35. hxg4 Qxg4 36. Qh3 $1 {[#]} Re1+ (36... Qg6 $1 $17 {Hoping for ...Re1+.} 37. Rb2 f5) 37. Rxe1 $11 {The position is equal.} Rxe1+ 38. Kf2 Re2+ 39. Kg1 $1 Re1+ 40. Kf2 Re2+ 41. Kg1 $1 {Threatening Qxg4+.} Re1+ {Precision: White = 46%, Black = 46%.} 1/2-1/2

[Event "GAMMA Reykjavik Open 2018"]
[Site "Reykjavik"]
[Date "2018.03.14"]
[Round "7"]
[White "Lagarde, Maxime"]
[Black "Adhiban, Baskaran"]
[Result "0-1"]
[WhiteElo "2587"]
[BlackElo "2650"]
[Annotator "TA"]
[PlyCount "80"]
[EventType "swiss"]
[EventCountry "ISL"]
[SourceTitle "playchess.com"]
[Source "ChessBase"]
[SourceQuality "1"]

{[%evp 17,80,0,6,0,0,-18,-6,-6,-6,-6,-5,-5,-5,-25,-19,-19,-29,-32,-27,-26,-26,-26,-26,-27,-24,-29,-25,-26,-6,-17,-21,-31,-42,-34,-31,-35,-8,-47,-47,-29,-16,-27,0,-170,-165,-142,-121,-125,-110,-122,-44,-44,-44,-44,-52,-98,-52,-67,-90,-70,-67,-29982,-29983,-29983,-29984]} 1. e4 c6 2. d4 d5 3. e5 Bf5 4. h4 h5 5. Bd3 Bxd3 6. Qxd3 {B12: Caro-Kann: Advance Variation} Qa5+ 7. Bd2 (7. Nd2 e6 8. Ne2 Ne7 9. O-O Nf5 10. Nf3 Qa6 11. Qd1 Be7 12. g3 c5 {½-½ (67) Nakamura,H (2787)-Artemiev,V (2697) Moscow 2018}) 7... Qa6 8. e6 Qxd3 9. exf7+ Kxf7 {LiveBook: 10 Games} 10. cxd3 Nd7 11. Nh3 $146 ({Predecessor:} 11. Nf3 g6 12. Nc3 Nh6 {0-1 (56) Kollars,D (2501)-Can,E (2605) Rome 2017}) 11... e5 12. Ng5+ Kg6 13. Nc3 exd4 14. Ne2 Re8 15. Kf1 Bd6 16. Nxd4 Nh6 17. Rh3 Rhf8 18. Nde6 Rf6 19. Re1 Nc5 20. Nxc5 Rxe1+ 21. Bxe1 Bxc5 22. Rf3 Nf5 23. g3 Nd4 24. Rxf6+ gxf6 $11 {[%mdl 4096] Endgame KBN-KBN} 25. Nh3 Ne6 26. Bd2 Kf5 (26... Bd6 {looks sharper.} 27. b3 c5 28. Ng1 Nd4 29. Be3 Nc6) 27. Nf4 Nxf4 28. Bxf4 $15 {KB-KB} Bd4 29. b3 b5 30. Ke2 $2 {[#]} (30. f3 $11 {and White stays safe.}) 30... Kg4 $1 $19 31. Bb8 a6 32. Bc7 Bb2 33. Bd6 {[#]} Bc1 (33... f5 $1 $17) 34. Kd1 Bh6 35. Ke2 f5 36. f3+ $1 Kh3 37. d4 Kg2 38. b4 Bc1 39. Bf4 $2 {[%mdl 8192]} (39. Be5 $15) 39... Bxf4 40. gxf4 Kg3 {Precision: White = 62%, Black = 67%.} 0-1

[Event "GAMMA Reykjavik Open 2018"]
[Site "Reykjavik"]
[Date "2018.03.14"]
[Round "7"]
[White "Ramirez, Alejandro"]
[Black "Kvetny, Mark"]
[Result "1-0"]
[WhiteElo "2568"]
[BlackElo "2408"]
[Annotator "TA"]
[PlyCount "101"]
[EventType "swiss"]
[EventCountry "ISL"]
[SourceTitle "playchess.com"]
[Source "ChessBase"]
[SourceQuality "1"]

{[%evp 21,101,47,54,39,39,39,39,39,39,16,55,53,73,74,60,54,48,0,53,48,102,112,212,205,196,196,189,169,245,237,248,246,310,303,316,309,338,354,343,314,320,320,324,319,345,325,384,385,349,293,379,375,398,406,381,396,404,397,508,331,456,456,414,408,402,384,400,378,556,525,594,587,558,502,804,793,754,744,808,752,848,779]} 1. d4 d5 2. c4 e6 3. Nc3 Nf6 4. cxd5 exd5 5. Bg5 c6 6. e3 Bf5 7. Qf3 Be6 8. Bxf6 {D35: Queen's Gambit Declined: Exchange Variation} Qxf6 9. Qxf6 gxf6 10. Bd3 Nd7 11. Nge2 Nb6 {LiveBook: 17 Games} 12. h3 $146 ({Predecessor:} 12. Nf4 Nc8 13. f3 h5 14. h4 Bd6 15. Nce2 Bd7 {1-0 (54) Giri,A (2762)-Zvjaginsev,V (2643) Antalya 2017}) 12... h5 13. h4 Bd6 14. g3 Nc8 15. f3 f5 16. Kf2 Kd7 17. b4 a6 18. Na4 Kc7 19. Rab1 b6 ({Black should try} 19... b5 $11 20. Nc5 Nb6) 20. Rhc1 $36 {[%mdl 2048] White is pushing.} Kb7 {[#]} ({Better is} 20... Rh6 $14) 21. Nc5+ $1 $16 {[%mdl 512]} bxc5 (21... Kc7 $16) 22. bxc5+ $18 Kc7 23. cxd6+ Nxd6 24. Nf4 Ra7 (24... Nc4 $142 25. Nxe6+ fxe6 26. Bxc4 dxc4 27. Rxc4 Rab8) 25. a4 {[%cal Ba2a4,Ba4a5][%mdl 32]} Rh6 26. Rb2 Nc8 27. a5 Ne7 28. Rb6 Bc8 29. Be2 Bb7 30. Rb2 Bc8 31. Nd3 Rh8 32. Rb6 Bb7 33. Nc5 Nc8 34. Rcb1 {[%cal Rb6b7]} ({Not} 34. Rxb7+ Rxb7 35. Nxb7 Kxb7 $18) ({Don't take} 34. Nxb7 Nxb6 35. axb6+ Kxb6 $18) 34... Nd6 35. Bxa6 Bxa6 36. Rxa6 Rxa6 37. Nxa6+ {[%mdl 4096] Endgame KRN-KRN} Kd7 38. Rb6 Ra8 39. Nb8+ Ke6 40. Nxc6 Nc4 41. Rb5 Nd6 42. Rb8 Ra6 43. Rb6 Ra8 44. Ne5 Rxa5 (44... f6 $142 45. Nc6 Nc4) 45. Nxf7 {White is clearly winning.} Ra2+ 46. Kf1 Ra1+ 47. Kg2 Ra2+ (47... Kxf7 $142 48. Rxd6 Ra2+ 49. Kh3 Rf2) 48. Kh3 Kxf7 49. Rxd6 Rf2 50. Rxd5 Rxf3 51. Kg2 {Precision: White = 86%, Black = 27%.} 1-0